000 01055nam1a22002531i 4500
001 rc\2821961
005 20240726061040.0
035 _a(NLR Aleph) 006980348
090 _a5525131
_c5525131
100 _a20110622d1932 |||y0rusy50 ca
101 0 _arus
102 _aRU
105 _ay z |||||
200 1 _aРабочая книга по математике
_eКурс рабфаков
_fБрусиловский Г.К., Гангнус Р.В., Зерченинов Н.Т.
_gПод ред. Р. Гангнус ...
205 _a4-е изд., перераб.
210 _aМосква
_aЛенинград
_cГос. учеб.-пед. изд-во
_d1932
_eМосква
_gтип. "Образцовая"
215 _d22×15 см
700 1 _aБрусиловский
_bГ.К.
_f1883-1950
_gГригорий Константинович
701 1 _aГангнус
_bР.В.
_gРоберт Вильгельмович
701 1 _aЗерченинов
_bН.Т.
801 0 _aRU
_bNLR
_gpsbo
801 1 _aRU
_bELAR
_2rusmarc
852 _aNLR
_j32-18/596
942 _cBOOK